000 00756nam a2200253Ia 4500
003 OSt
005 20220926015223.0
006 a|||||r|||| 00| 0
007 ta
008 220923b |||||||| |||| 00| 0 eng d
020 _a0195046773
037 _cGeneral Book
040 _aRTL
_cRTL
_beng
041 _2eng
_aeng
082 _aX.1.N9, M9
100 _aCameron Rondo
_9127218
245 0 _aConcise economic history of the world
_b From paleolithic times to the present
260 _aNew York
_bOxford University Press
_c1989
300 _axiv, 437p
_ccm.
500 _aBibliograohy : P 401-24
650 _aEconomic Condition International
942 _hX.1.N9, M9
_cGB
_2CC
999 _c630785
_d630785